Abgelegenste Großstädte in Deutschland - Statistiken

Allgemein
  • Dieses Quiz wurde 225 mal gespielt
  • Das Durchschnittsergebnis liegt bei 11 aus 16
Antwortstatistiken
Entfernung Großstadt Nächste Großstadt % Korrekt
98 km Rostock Lübeck
90%
62 km Kiel Lübeck
89%
115 km Freiburg im Breisgau Reutlingen
84%
62 km Dresden Chemnitz
78%
60 km Saarbrücken Kaiserslautern
78%
67 km Magdeburg Wolfsburg
77%
56 km München Augsburg
76%
57 km Regensburg Ingolstadt
72%
56 km Augsburg München
71%
57 km Lübeck Hamburg
70%
57 km Hamburg Lübeck
66%
59 km Ulm Reutlingen
65%
81 km Würzburg Erlangen
64%
62 km Chemnitz Dresden
61%
64 km Trier Saarbrücken
61%
65 km Siegen Koblenz
35%
Keine übereinstimmenden Quizze gefunden
Verteilung der Resultate
Anzahl Personen mit jedem Resultat
Perzentil nach korrekt beantworteten Fragen
Ihre Resultats-Entwicklung
Sie haben dieses Quiz noch nicht gespielt